000 02070nam0a2200349 i 4500
001 RU\NLR\BIBL_A\010299730
005 20260408095702.0
010 _a9785444601679
_9500
021 _aRU
_b2014-4723
_9290
035 _a(NILC)RuMoRGB-006736673
035 _a(NLR Aleph) 010299730
090 _a10587561
_c10587561
100 _a20140328d2013 km y0rusy50 ca
101 0 _arus
102 _aRU
105 _aa|||z|||100yy
200 1 _aАктуальные проблемы социально-экономического развития экономических систем
_eматериалы III Всероссийской научно-практической конференции, 19-20 декабря 2012 г.
_f[редкол.: к.т.н., проф. Семененко С.В. и др.]
210 _aВоронеж
_cНаучная книга
_d2013
215 _a403, [1] с.
_cил.
_d21
300 _aВ надзаг.: Воронежский ин-т кооперации (фил.), АНО ВПО "Белгородский ун-т кооперации, экономики и права", ФГБОУ ВПО "Воронежский гос. аграрный ун-т им. императора Петра I" [и др.]
320 _aБиблиогр. в конце ст.
607 _aРоссийская Федерация
_jСъезды, совещания и т.п
_xЭкономическое развитие
_92157968
_3RU\NLR\AUTH\661298954
610 0 _aэкономические системы
686 1 _aУ03(2Р)74я431
702 1 _4340
_8rus
_7ca
_aСемененко
_bС. В.
_cд-р экон. наук, товароведение
_cканд. техн. наук, товароведение
_gСергей Викторович
_3RU\NLR\AUTH\77115658
_998583
711 0 2 _aВоронежский институт кооперации
_3RU\NLR\AUTH\8810237409
_9360267
801 0 _aRU
_bРГБ
_c20140211
_gRCR
942 _cBOOK
980 _aNBR